| 000 | 00918cam a2200265 a 4500 | ||
|---|---|---|---|
| 001 | 4521687 | ||
| 003 | OSt | ||
| 005 | 20250804115046.0 | ||
| 008 | 990316s2000 maua b 001 0 eng | ||
| 010 | _a 99025033 | ||
| 020 | _a0205286410 | ||
| 040 |
_aDLC _cDLC _dDLC |
||
| 050 | 0 | 0 |
_aBF121 _b.W65 2000 |
| 082 | 0 | 0 |
_a150 _221 |
| 100 | 1 | _aWood, Samuel E. | |
| 245 | 1 | 4 | _aThe essential world of psychology / |
| 260 |
_aBoston : _bAllyn and Bacon, _cc2000. |
||
| 300 |
_axxiii, 584 p. : _bcol. ill. ; _c28 cm. |
||
| 504 | _aIncludes bibliographical references (p. 503-543) and indexes. | ||
| 650 | 0 | _aPsychology. | |
| 700 | 1 | _aWood, Ellen R. Green. | |
| 906 |
_a7 _bcbc _corignew _d1 _eocip _f19 _gy-gencatlg |
||
| 942 |
_2lcc _cBK |
||
| 999 |
_c51884 _d51884 |
||